000 00723nam a2200193 a 4500
005 20250704063916.0
008 991125s1975 mx 000 0 spa u
035 _aUPN01000000011
049 _aCG
050 4 _aRA451
_bM4.6
110 1 _aMéxico.
_bDirección General de Atención Médica Materna Infantil
245 1 0 _a1er. Informe de actividades, atención materno infantil y planificación familiar /
_cDirección General de Atención Médica Materna Infantil.
260 _aMéxico :
_bSSA, Dirección General de Atención Médica Materna Infantil,
_c1975.
300 _a68 h.
500 _aDisponible en la Colección Medina
650 4 _aATENCION PRENATAL
_98554
650 4 _aCuidado del niño
_96392
905 _aLibro
999 _c11
_d11